000 00232nam a22000977a 4500
999 _c15941
_d15941
003 OSt
008 191024b ||||| |||| 00| 0 eng d
100 _a Damodaran,Ponkunnam
_94418
245 _aSarppam Kothunna Sathyangal
942 _cBK